Marvel Superhero Symbols - Statistics

General Stats
  • This quiz has been taken 665 times
    650 since last reset
  • The average score is 16 of 20
Answer Stats
Picture Answer % Correct
Spider-Man
100%
Captain America
99%
Hulk
99%
Thor
99%
Avengers
97%
Fantastic Four
96%
Black Panther
95%
Guardians of the Galaxy
90%
Captain Marvel
88%
Daredevil
85%
Iron Man
81%
Punisher
81%
S.H.I.E.L.D.
76%
X-Men
75%
Moon Knight
74%
Black Widow
71%
Doctor Strange
71%
She-Hulk
56%
Sentry
38%
Ms. Marvel
37%
No matching quizzes found
Score Distribution
Percent of People with Each Score
Percentile by Number Answered
Your Score History
You have not taken this quiz since the last reset